| 000 | 01429cam a22004097a 4500 | ||
|---|---|---|---|
| 001 | 7818024 | ||
| 003 | OSt | ||
| 005 | 20250707095402.0 | ||
| 006 | m d | ||
| 007 | cr n | ||
| 008 | 081015s2009 enka s 000 0 eng d | ||
| 015 |
_aGBA762418 _2bnb |
||
| 016 | 7 |
_a013811590 _2Uk |
|
| 020 | _a9781846286414 (hbk.) | ||
| 035 | _a(WaSeSS)ssj0000319866 | ||
| 038 | _akhadija | ||
| 040 |
_aUKM _cUKM _dBTCTA _dBAKER _dYDXCP _dBWKUK _dBWK _dBWX _dCDX _dVRC _dDLC _dWaSeSS |
||
| 042 |
_aukblcatcopy _alccopycat |
||
| 050 | 4 |
_aTJ211.35 _b.R66 2009 |
|
| 082 | 0 | 4 |
_a629.892 _222 _bROB |
| 100 |
_aSiciliano ,Bruno _9129431 |
||
| 210 | 1 | 0 | _aRobotics |
| 245 | 0 | 0 |
_aRobotics: _bModelling, Planning and Control / _cBruno Siciliano |
| 260 |
_aLondon : _bSpringer, _cc2009. |
||
| 440 | 0 |
_aAdvanced textbooks in control and signal processing _984629 |
|
| 504 | _aIncludes bibliographical references (p. [609]-622) and index. | ||
| 506 | _aLicense restrictions may limit access. | ||
| 563 | _aHB | ||
| 650 | 0 |
_aRobots _xControl systems. _984630 |
|
| 650 | 0 |
_aRobots _xMotion. _984631 |
|
| 650 | 0 |
_aManipulators (Mechanism) _984632 |
|
| 700 | 1 |
_d1959- _9129432 |
|
| 773 | 0 | _tSpringerLink ebooks - Engineering (2009) | |
| 856 | 4 | 0 |
_uhttp://www.columbia.edu/cgi-bin/cul/resolve?clio7818024 _zFull text available from SpringerLink ebooks - Engineering (2009) |
| 910 | _aLibrary of Congress record | ||
| 942 |
_2ddc _cBK |
||
| 999 |
_c32204 _d32204 |
||